Barron's how to prepare for the new SAT (Record no. 10951)
[ view plain ]
| 000 -LEADER | |
|---|---|
| fixed length control field | 00638 a2200217 4500 |
| 020 ## - INTERNATIONAL STANDARD BOOK NUMBER | |
| International Standard Book Number | 0-7641-2361-0 |
| 020 ## - INTERNATIONAL STANDARD BOOK NUMBER | |
| International Standard Book Number | 0-7641-7587-4 |
| 040 ## - CATALOGING SOURCE | |
| Original cataloging agency | DLC |
| Language of cataloging | DLC |
| 082 04 - DEWEY DECIMAL CLASSIFICATION NUMBER | |
| Classification number | 378.1664 |
| 100 ## - MAIN ENTRY--PERSONAL NAME | |
| Personal name | Weiner, Green Sharon |
| 110 ## - MAIN ENTRY--CORPORATE NAME | |
| Corporate name or jurisdiction name as entry element | Wolf, Ira K |
| 245 10 - TITLE STATEMENT | |
| Title | Barron's how to prepare for the new SAT |
| Statement of responsibility, etc. | Sharon Weiner Green |
| 246 30 - VARYING FORM OF TITLE | |
| Title proper/short title | How to prepare for the new SAT |
| 250 ## - EDITION STATEMENT | |
| Edition statement | 22nd ed |
| 260 ## - PUBLICATION, DISTRIBUTION, ETC. | |
| Place of publication, distribution, etc. | Hauppauge, N.Y. : |
| Name of publisher, distributor, etc. | Barron's, |
| Date of publication, distribution, etc. | 2005 |
| 300 ## - PHYSICAL DESCRIPTION | |
| Extent | ix, 818 s. : |
| Other physical details | ill. ; |
| Dimensions | 28 cm + |
| Accompanying material | CD-Rom |
| 600 ## - SUBJECT ADDED ENTRY--PERSONAL NAME | |
| Personal name | SAT (Educational test)--Mathematics |
| 700 1# - ADDED ENTRY--PERSONAL NAME | |
| Personal name | Sharon Weiner Green |
| 710 ## - ADDED ENTRY--CORPORATE NAME | |
| Corporate name or jurisdiction name as entry element | Wolf, Ira K |
| 942 ## - ADDED ENTRY ELEMENTS (KOHA) | |
| Koha item type | Book |
| Call number prefix | 378.1664 GRE |
| Source of classification or shelving scheme | |
| Withdrawn status | Lost status | Damaged status | Not for loan | Collection code | Permanent Location | Current Location | Shelving location | Date acquired | Source of acquisition | Cost, normal purchase price | Total Checkouts | Total Renewals | Full call number | Barcode | Date last seen | Date last checked out | Price effective from | Koha item type |
|---|---|---|---|---|---|---|---|---|---|---|---|---|---|---|---|---|---|---|
| Central Library (CL) | Central Library (CL) | General Stacks | 01/24/2007 | Saeed Book Bank | 289.00 | 4 | 3 | 378.1664 GRE | SEECS008056 | 01/25/2024 | 04/10/2023 | 01/05/2017 | Book |
